Report of the library 1982

Na minha lista:
Detalhes bibliográficos
Formato: Livro
Idioma:inglês
Publicado em: Suva University of the south Pacific 1982
Tags: Adicionar Tag
Sem tags, seja o primeiro a adicionar uma tag!

MARC

LEADER 00000nam a2200000 4500
001 c133566
005 20041019155258.5
041 0 |a eng 
044 |a FJ 
245 1 0 |a Report of the library 1982 
264 1 |a Suva  |b University of the south Pacific  |c 1982 
300 |a 34 s.